| 000 | 00996nam a22002777a 4500 | ||
|---|---|---|---|
| 001 | 8640 | ||
| 003 | FISKH | ||
| 005 | 20251009150025.0 | ||
| 008 | 251007b cb ||||| |||| 00| 0 eng d | ||
| 020 | _a9789814615211 | ||
| 040 |
_aFISKH _beng _cFISKH _dFISKH |
||
| 050 | _aPZ7 T | ||
| 082 | _a823.92 | ||
| 100 |
_aMonica, Lim _eAuthor |
||
| 245 |
_aDanger Dan spooks the peculiar Peranakan pirate/ _cWritten by Lesley-Anne ; Monica Lim |
||
| 260 |
_aSingapore : _bEpigram Books , _c2014 |
||
| 300 |
_a115 pages : _billustrations ; _c22 cm |
||
| 505 | _aP | ||
| 520 | _aDanny travels back to 1819 to stop a dastardly pirate from hijacking one of Singapore's most crucial historical events ever. Plus, more secrets about the time warp unravel. Will Danger Dan and Gadget Girl get to the bottom of things? | ||
| 521 | 8 |
_a650
_bLexile estimate |
|
| 521 | 8 |
_aP
_bRaz-Plus |
|
| 650 |
_aFiction _vLiterature |
||
| 700 |
_aTan, James _eIllustrator |
||
| 942 |
_2ddc _cBK _n0 |
||
| 999 |
_c8640 _d8640 |
||